书目信息 |
| 题名: |
中华成语故事集
|
|
| 作者: | 金士杰 编 | |
| 分册: | ||
| 出版信息: | 延吉 延边人民出版社 1999.01 |
|
| 页数: | 19, 824页 | |
| 开本: | 20cm | |
| 丛书名: | ||
| 单 册: | ||
| 中图分类: | I247.8 | |
| 科图分类: | ||
| 主题词: | 成语--cheng yu--故事--中国--选集 | |
| 电子资源: | ||
| ISBN: | 7-80648-072-2 | |
| 000 | 00779nam0 2200229 450 | |
| 001 | 012008027849 | |
| 005 | 20080426092417.09 | |
| 010 | @a7-80648-072-2@dCNY28.00 | |
| 100 | @a20080426d1999 km y0chiy0120 ea | |
| 101 | 0 | @achi |
| 102 | @aCN@b220000 | |
| 105 | @ay z 000fy | |
| 106 | @ar | |
| 200 | 1 | @a中华成语故事集@AZhong Hua Cheng Yu Gu Shi Ji@f金士杰编@Fjin shi jie bian |
| 210 | @a延吉@c延边人民出版社@d1999.01 | |
| 215 | @a19, 824页@d20cm | |
| 330 | @a本书共收录了数千条成语典故,根据它们所包涵的不同意义,分为六个篇章,即:品格意志、为人处世、智慧谋略、好学求知、生活启示、幽默诙谐。 | |
| 606 | 0 | @a成语@Acheng yu@x故事@y中国@j选集 |
| 690 | @aI247.8@v4 | |
| 701 | 0 | @a金士杰@Ajin shi jie@4编 |
| 801 | 0 | @aCN@bQSSK@c20080426 |
| 905 | @b20704751-53@dI247.8@eJ802@f3 | |
| 中华成语故事集/金士杰编.-延吉:延边人民出版社,1999.01 |
| 19, 824页;20cm |
| ISBN 7-80648-072-2:CNY28.00 |
| 本书共收录了数千条成语典故,根据它们所包涵的不同意义,分为六个篇章,即:品格意志、为人处世、智慧谋略、好学求知、生活启示、幽默诙谐。 |
| ● |
| 相关链接 |
|
|
|
正题名:中华成语故事集
索取号:I247.8/J802
 
预约/预借
| 序号 | 登录号 | 条形码 | 馆藏地/架位号 | 状态 | 备注 |
| 1 | 704751 | 207047514 | 文学库108/108文学库 63排6列4层/ [索取号:I247.8/J802] | 在馆 | |
| 2 | 704752 | 207047523 | 文学库108/108文学库 63排6列4层/ [索取号:I247.8/J802] | 在馆 | |
| 3 | 704753 | 207047532 | 社科二线422/422社科库 25排4列1层/ [索取号:I247.8/J802] | 在馆 |